Biopsicología general y criminal
Guardat en:
| Autors principals: | , |
|---|---|
| Format: | Llibre |
| Idioma: | espanyol |
| Publicat: |
Buenos Aires
Universidad Católica Argentina
2003
|
| Matèries: | |
| Etiquetes: |
Afegir etiqueta
Sense etiquetes, Sigues el primer a etiquetar aquest registre!
|
MARC
| LEADER | 00000nam a2200000 a 4500 | ||
|---|---|---|---|
| 001 | UCL7729 | ||
| 003 | CL-VaPUC | ||
| 008 | 040528e20030000AG |||||||||||||||||spa|d | ||
| 020 | |a 9505232772 | ||
| 082 | 0 | 4 | |a 364.3 |b HOR |2 21 |
| 100 | 0 | |a Horacio Bruno, Antonio |e author |9 485662 | |
| 700 | 0 | |a Martínez Pérez, Guillermo |e author |9 485663 | |
| 245 | 1 | 0 | |a Biopsicología general y criminal |
| 300 | |a 207 p | ||
| 942 | |c BK | ||
| 945 | |d 20040528 00:00:00 |a cmena | ||
| 260 | |a Buenos Aires |b Universidad Católica Argentina |c 2003 | ||
| 650 | 7 | |a PSICOLOGIA CRIMINAL |2 CL-VaPUC |9 256274 | |
| 650 | 7 | |a CRIMINALOGIA |2 CL-VaPUC |9 392704 | |
| 650 | 0 | |a Psicopatología |9 307473 | |
| 650 | 7 | |a PSICOPATOLOGIA CRIMINAL |2 CL-VaPUC |9 338044 | |
| 583 | |a last modification |c 20040528 00:00:00 |k Rodrigo Vera | ||
| 999 | |c 309350 |d 309348 | ||
| 952 | |0 0 |1 0 |4 0 |6 364_300000000000000_HOR_2003 |7 0 |8 A |9 376778 |a BIBDER |b BIBDER |d 2019-11-21 |i 4016661 |o 364.3 HOR 2003 |p 4016661 |r 2023-01-25 |w 2019-11-21 |y BK |k DER | ||